World Countries Anagrams #6 - Statistics

General Stats
  • This quiz has been taken 909 times
  • The average score is 11 of 16
Answer Stats
Anagram Country % Correct
Bun ire Brunei
88%
Eel biz Belize
87%
Analog Angola
84%
Gray men Germany
84%
Old pan Poland
83%
Vine mat Vietnam
83%
A gun ad Uganda
81%
New iguana pupae Papua New Guinea
80%
I be liar Liberia
76%
Sandal wiz Swaziland
72%
Bag handles Bangladesh
61%
Ask Viola Slovakia
58%
Dumber piano clinic Dominican Republic
55%
I hail tuna Lithuania
51%
Zilch cub creep Czech Republic
49%
Main sonar San Marino
20%
No matching quizzes found
Score Distribution
Percent of People with Each Score
Percentile by Number Answered
Your Score History
You have not taken this quiz